Financiamiento de cooperativas agrícolas /
সংরক্ষণ করুন:
| প্রধান লেখক: | |
|---|---|
| অন্যান্য লেখক: | , , |
| বিন্যাস: | পাঠ্য |
| ভাষা: | Spanish |
| প্রকাশিত: |
México:
Centro Regional de Ayuda Técnica
|
| সংস্করন: | 2 |
| ট্যাগগুলো: |
ট্যাগ যুক্ত করুন
কোনো ট্যাগ নেই, প্রথমজন হিসাবে ট্যাগ করুন!
|
MARC
| LEADER | 00000 a a2200000 04500 | ||
|---|---|---|---|
| 001 | 17188 | ||
| 003 | cru CIDCACS/IIS | ||
| 005 | 20170810133654.0 | ||
| 008 | 170529b xxu||||| |||| 00| 0 spa d | ||
| 999 | |c 19411 |d 19411 | ||
| 040 | |c cru CIDCACS/IIS | ||
| 090 | |a 07.03.02 C397f | ||
| 100 | |a Arteaga, Renán | ||
| 245 | |a Financiamiento de cooperativas agrícolas / |c Renán Arteaga | ||
| 250 | |a 2 | ||
| 260 | |a México: |b Centro Regional de Ayuda Técnica | ||
| 300 | |a 16 p. | ||
| 700 | |a Guarderas, José | ||
| 700 | |a León, Ramiro | ||
| 700 | |a Riofrío, Gustavo | ||
| 942 | |2 ddc |c LI | ||
